Skip to content
VuFind
Login
All Fields
Title
Author
Subject
Call Number
ISBN/ISSN
Tag
Find
Advanced
Karukum pasumai
Cite this
Text this
Email this
Print
Export Record
Export to RefWorks
Export to EndNoteWeb
Export to EndNote
Export to MARC
Export to BibTeX
Export to RIS
Save to List
Permanent link
Karukum pasumai
Saved in:
Bibliographic Details
Main Author:
Perasiriyan, S.
Format:
Book
Published:
Colombo
Meera Publication
2002
Tags:
Add Tag
No Tags, Be the first to tag this record!
Holdings
Description
Comments
Similar Items
Staff View
MARC
LEADER
00000nam a2200000 a 4500
100
|a
Perasiriyan, S.
245
|a
Karukum pasumai
260
|a
Colombo
|b
Meera Publication
|c
2002
300
|a
96p. ; 21cm.
942
|c
AFW
999
|c
128838
|d
128838
Similar Items
Ilangai pasumai iyakkam koottinaiththal : Ilangai pasumai iyakkathtaik koottinaippatharkkanathoru sattamoolam
by: Ilangai. Paralumanram
Published: (2005)
Ilangai pasumai iyakkam koottinaiththal : ... sattamoolam
by: Ilangai. Paralumanram
Published: (2003)
2007 aam aandin 59 aam ilakka, Ilangai pasumai iyakkam (koottinaiththal) sattam
by: Ilangai. Paralumanram
Published: (2007)
Kirin dupathe sangavunu abirahasa
by: Blyton, Enid
Published: (2002)
Korean temples & food
by: Lee, Jung
Published: (2002)